01474cam a2200409 4500999001700000001001400017005001700031008004100048020003100089040003000120041001300150044001100163072004800174080002500222080002300247080002500270100002700295240002700322245010300349250001500452264002900467300002300496336002600519337002900545338002900574500008100603655003400684655003600718655003900754655003800793655004000831655003500871700003600906958000700942958000700949952010800956 c24138d24138vtls01207213720260218100259.0211007s2021 xo gr 010 f slo  a9788022212342q(viazané) aGAGKbslocGAGKdSNKerda1 asloheng axocSK 7a821.111(73)-3xAmerická próza2konspekt a821.111(73)-3122011 a(0:82-311.6)22011 a316.3(0:82-31)220111 aFox, Lauren4aut9541010aSend for MelSlovensky10aPošli po mňacLauren Foxová ; z anglického originálu ... preložila Zuzana Gáliková aVydanie I. 1aBratislavabTatranc2021 a239 stránc22 cm atextbtxt2rdacontent abez médiabn2rdamedia azväzokbnc2rdacarrier aObsahuje biografické údaje o autorke na záložke prebalu publikácie 7aamerické romány2SNKPH92 7aAmerican novels2SNKPHeng91670 7ahistorické romány2SNKPH91688 7aHistorical novels2SNKPHeng91689 7aspoločenské romány2SNKPH912 7aSociety novels2SNKPHeng936451 aGáliková, Zuzana4trl95411 aLX aUP 00102udc40708Ka10000b10000d2026-02-18g2.90i22510oB11026pB11026r2026-02-18w2026-02-18yKLDO